"Best" Countries to Live In from TheTopTens - Statistics

General Stats
  • This quiz has been taken 40 times
  • The average score is 17 of 20
Answer Stats
Continent Answer % Correct
North America Canada
97%
Europe Germany
97%
Europe Netherlands
97%
Europe Norway
97%
Europe Sweden
97%
Oceania Australia
94%
Europe Finland
94%
Oceania New Zealand
94%
North America United States
94%
Europe France
91%
Asia Japan
91%
Europe United Kingdom
91%
Europe Denmark
88%
Europe Spain
88%
Europe Switzerland
88%
South America Brazil
84%
Europe Iceland
78%
Europe Ireland
78%
Europe Greece
53%
Europe England
9%
No matching quizzes found
Score Distribution
Percent of People with Each Score
Percentile by Number Answered
Your Score History
You have not taken this quiz